| 000 | 01061nam a2200265 i 4500 | ||
|---|---|---|---|
| 001 | 169871 | ||
| 003 | ES-MaACL | ||
| 005 | 20250703063130.0 | ||
| 008 | 081210s1950 fr |||| | fre d | ||
| 017 | _aNº111, 1e trim.1950 | ||
| 080 | _a1 Descartes, René | ||
| 100 | 1 |
_aDescartes, René, _d1596-1650 _943838 |
|
| 245 | 1 | 0 | _aOeuvres de Descartes. |
| 260 |
_aParis : _bJoseph Gibert, _c1950. |
||
| 300 |
_a512, 580 p. : _bil. ; _c19 cm. |
||
| 490 | 1 |
_aDescartes ; _vI, II |
|
| 490 | 1 |
_aChefs-d'oeuvre philosophiques ; _v301-302 |
|
| 505 | 8 | _aContiene: T.I. Discours de la méthode ; Les principes de la philosophie ; Les passions de l'âme. - T.II. Règles pour la direction de l'esprit ; Méditations ; Objections et réponses. | |
| 594 | _aTít. de la cub.: Oeuvres complètes. | ||
| 597 | _a2 tomos en 1 v. | ||
| 830 | 0 |
_aDescartes ; _vI, II _9222920 |
|
| 830 | 0 |
_aChefs-d'oeuvre philosophiques ; _v301-302 _9222922 |
|
| 852 |
_aES-MaACL _jE-12354 _9R.140514 _z- Biblioteca Jacinto Martínez Lacalle |
||
| 999 |
_c169871 _d169871 |
||